Statistics for Crazy Ex Girlfriend Quiz

Click here to take the quiz!

General Stats

  • This quiz has been taken 212 times
  • The average score is 9 of 15

Answer Stats

QuestionAnswer% Correct
There's another Josh, what's his nickname?White Josh
96%
What's Josh Chan's middle name?Felix
92%
What's Rebecca's middle name?Nora
86%
Who is Daryl's baby's surrogate mother?Heather
81%
Who plays Rebecca Bunch?Rachel Bloom
79%
What is the name of Daryl's baby?Hebecca
75%
The song "Love Kernels" eats up all the budget so Daryl has to be played by what?Broom on a stand
66%
What part of Hector's body is very smooth?Forearms
64%
Complete the song lyric: "You and I are both highly intelligent people, Although I'm in much better .... ....."Physical Shape
62%
What's the name of Karen's French alter-ego who sells sex toys?Angelique
59%
What is the name of the beauty therapist that Josh dates after his split with Valencia?Anna
56%
What's the name of the conspiracy theorist who becomes a silent partner in Daryl and Nathaniel's law firm?Bert
44%
Who hosts the house party that Rebecca goes to searching for Josh on arrival in West Covina?Beanz
12%
Where did Josh meet her?Electric Mesa
7%
What was the name of the college student who was killed in Rebecca and Heather's house before they moved in?Devon
5%

Score Distribution

Percentile by Number Answered

Percent of People with Each Score

Your Score History

You have not taken this quiz